Emancipacin̤ en va̕ de jurisdiccin̤ voluntaria ante notario pb︢lico en Veracruz

Detalles Bibliográficos
Autor principal: Garca̕ Flores, Alan Jair
Formato: eBook
Lenguaje:español
Publicado: Veracruz: Universidad de Xalapa, 2017
Materias:
Acceso en línea:Acceso restringido

MARC

LEADER 00000nam a22000007a 4500
005 2018033001561.0
007 cr|||| ||||
008 180330s2017 mx |||||s|||| 00||0 spa d
020 |a 978-607-8156-64-1 
035 |a 21167 
040 |a vLex 
090 |c 7572  |d 7572 
100 1 |a Garca̕ Flores, Alan Jair 
245 1 0 |a Emancipacin̤ en va̕ de jurisdiccin̤ voluntaria ante notario pb︢lico en Veracruz  |h [Recurso electrn̤ico] /  |c Alan Jair Garca̕ Flores 
256 |a Servicio en ln̕ea 
260 |a Veracruz:  |b Universidad de Xalapa,  |c 2017 
300 |a 1 recurso electrn̤ico (176 p.) 
500 |a Breviario de una armonizacin̤ normativa pendiente. 
506 1 |a Disponible solo en los productos indicados  |d vLex Global  |d vLex Global (Academic Edition, excluding Law Schools)  |d vLex Global (U.S. Academic Edition, Law Schools)  |d vLex Global (U.S. Academic Edition, excluding Law Schools)  |d vLex Global (Academic Edition, Law Schools) 
650 0 4 |a Derecho Civil  |z Mx̌ico 
650 0 4 |a Derecho Procesal  |z Mx̌ico 
740 0 |a vLex Libros (Servicio en ln̕ea) 
856 4 0 |u http://vlex.com/source/emancipacion-via-jurisdiccion-voluntaria-notario-publico-veracruz-21167  |z Acceso restringido 
942 |c BOOK 
999 0 |a Civil Law 
999 0 |a Procedural Law